000 01298nam a2200325 i 4500
003 EG-GICUC
005 20260225212522.0
008 251221s1966 ua d|||fr|||| 00| 0 ara d
040 _a EG-GICUC
_bara
_c EG-GICUC
_d EG-GICUC
_erda
041 0 _aara
082 0 4 _221
_a345.2
_bخ ا . م
092 0 4 _221
099 _aLaw1 07 345.2 خ ا . م 1 ed - 1966
100 0 _aخالد عبد الحميد فراج
_eمؤلف.
245 1 0 _aموسوعة شئون العاملين للقطاع الحكومي والقطاع العام في القواعد التنظيمية والفتاوى :
_bالجزء الثاني /
_cخالد عبد الحميد فراج.
250 _aالطبعة الأولى
264 3 _aالقاهرة :
_b[دون مكان نشر]،
_c1966.
300 _a377 صفحة :
_bإيضاحيات؛
_c24 سم.
336 _2rda content
_atext
337 _2rda media
_aComputer
338 _2rda carrier
_aOnline Resource
504 _aيشتمل على إرجاعات ببليوجرافية.
546 _aالنص باللغة العربية
650 1 4 _aالتنظيم الإداري
650 1 4 _aالقانون الإداري
651 1 _2qrmak
856 4 0 _uhttps://fll.law.cu.edu.eg/fulltext/bks/B07-01215.pdf
905 _a32
_eYara
942 _2ddc
_cBK
_e21
_n0
999 _c52059
_d52059